[Event "Haarlem Masters"]
[Site "Haarlem"]
[Date "2015.10.20"]
[Round "4"]
[White "Molinaroli, Martin"]
[Black "Yankelevich, Lev"]
[Result "1/2-1/2"]
[WhiteElo "2247"]
[BlackElo "2404"]
[PlyCount "145"]
[EventDate "2015.10.17"]
[EventType "tourn"]
[EventRounds "9"]
[EventCountry "NED"]
[EventCategory "5"]
[SourceTitle "CBM 168 Extra"]
[Source "ChessBase"]
[SourceDate "2015.10.29"]
[SourceVersion "1"]
[SourceVersionDate "2015.10.29"]
[SourceQuality "1"]

1. b3 d5 2. Bb2 Nf6 3. Nf3 Bf5 4. e3 h6 5. Ne5 Nbd7 6. f4 e6 7. Nxd7 Qxd7 8. d3 Bb4+ 9. Nd2 Qe7 10. Be2 Bc5 11. d4 Ba3 12. Bxa3 Qxa3 13. 0-0 0-0 14. g4 Bg6 15. h4 Qd6 16. g5 Ne4 17. Nxe4 Bxe4 18. Bd3 hxg5 19. hxg5 g6 20. Qe2 Kg7 21. Bxe4 dxe4 22. Kg2 Rh8 23. Rh1 Qb4 24. Qe1 Qb5 25. c4 Qf5 26. Qe2 f6 27. gxf6+ Kxf6 28. d5 Ke7 29. Kf2 g5 30. Qb2 gxf4 31. Qg7+ Qf7 32. Qxf7+ Kxf7 33. exf4 exd5 34. cxd5 Ke7 35. Ke3 Kd6 36. Kxe4 Rae8+ 37. Kd4 Rxh1 38. Rxh1 Re2 39. Rh6+ Kd7 40. Rh7+ Kd6 41. Rh6+ Kd7 42. a4 Rd2+ 43. Ke5 Re2+ 44. Kf6 Rd2 45. f5 Rxd5 46. Rh7+ Kd6 47. Rh3 Rd1 48. Kg6 Rg1+ 49. Kf7 a5 50. f6 c6 51. Rd3+ Kc5 52. Re3 b5 53. Ke6 Kb4 54. Rf3 Rg8 55. f7 Rf8 56. Ke7 Ra8 57. f8Q Rxf8 58. Kxf8 bxa4 59. bxa4 Kxa4 60. Ke7 Kb4 61. Kd6 a4 62. Ke5 a3 63. Kd4 a2 64. Rf1 Kb3 65. Rf3+ Kb4 66. Rf1 Kb3 67. Kd3 Kb2 68. Rf2+ Kb1 69. Kc4 a1Q 70. Rf1+ Kb2 71. Rxa1 Kxa1 72. Kc5 Kb2 73. Kxc6 1/2-1/2

[Event "Haarlem Masters"]
[Site "Haarlem"]
[Date "2015.10.17"]
[Round "1"]
[White "Duijn, Rob"]
[Black "Molinaroli, Martin"]
[Result "0-1"]
[WhiteElo "2256"]
[BlackElo "2247"]
[PlyCount "58"]
[EventDate "2015.10.17"]
[EventType "tourn"]
[EventRounds "9"]
[EventCountry "NED"]
[EventCategory "5"]
[SourceTitle "CBM 168 Extra"]
[Source "ChessBase"]
[SourceDate "2015.10.29"]
[SourceVersion "1"]
[SourceVersionDate "2015.10.29"]
[SourceQuality "1"]

1. d4 Nf6 2. Nf3 g6 3. Bg5 Bg7 4. e3 c5 5. Nbd2 b6 6. Bd3 0-0 7. Qe2 Bb7 8. 0-0 d6 9. c3 Nbd7 10. Ba6 Qc8 11. Bxb7 Qxb7 12. e4 h6 13. Bxf6 Nxf6 14. Rfe1 cxd4 15. Nxd4 Rac8 16. N2b3 Nd7 17. Rad1 Nc5 18. f3 a6 19. Qf2 b5 20. Nc1 Rfd8 21. Nd3 Nxd3 22. Rxd3 b4 23. cxb4 Qxb4 24. b3 Rc5 25. Red1 Rdc8 26. h4 h5 27. R3d2 Rc1 28. f4 Rxd1+ 29. Rxd1 Rc1 0-1

[Event "Goch op 25th"]
[Site "Goch"]
[Date "2014.09.06"]
[Round "4"]
[White "Molinaroli, Martin"]
[Black "Thomas, Ingo"]
[Result "1/2-1/2"]
[WhiteElo "2285"]
[BlackElo "2191"]
[PlyCount "80"]
[EventDate "2014.09.04"]
[EventType "swiss"]
[EventRounds "7"]
[EventCountry "GER"]
[SourceTitle "EXT 2016"]
[Source "ChessBase"]
[SourceDate "2015.10.08"]
[SourceVersion "1"]
[SourceVersionDate "2015.10.08"]
[SourceQuality "1"]

1. b3 d5 2. Bb2 Nf6 3. e3 c6 4. Nf3 Bg4 5. h3 Bh5 6. c4 e6 7. Be2 Nbd7 8. 0-0 h6 9. cxd5 cxd5 10. Nc3 Be7 11. d3 0-0 12. Nd4 Bxe2 13. Qxe2 a6 14. Rac1 Qb6 15. Rc2 Rfc8 16. Rfc1 Qd8 17. e4 Bc5 18. Nf3 Bb4 19. exd5 Bxc3 20. Bxc3 Nxd5 21. Bd4 Nb4 22. Rc4 b5 23. R4c3 Nd5 24. Rxc8 Rxc8 25. Re1 Qc7 26. Ne5 Nxe5 27. Bxe5 Qe7 28. Qb2 f6 29. Bd4 Nf4 30. Qd2 Qd6 31. Be3 Nxd3 32. Rd1 Rd8 33. Bxh6 gxh6 34. Qxh6 Qf8 35. Qg6+ Qg7 36. Qe4 Qd7 37. Qg6+ Qg7 38. Qe4 Qd7 39. Qg6+ Qg7 40. Qe4 Qd7 1/2-1/2

[Event "Oberliga NRW 1314"]
[Site "Germany"]
[Date "2013.11.17"]
[Round "3.1"]
[White "Kabatianski, Alexander"]
[Black "Molinaroli, Martin"]
[Result "1-0"]
[WhiteElo "2422"]
[BlackElo "2220"]
[PlyCount "95"]
[EventDate "2013.09.15"]
[EventType "team-tourn"]
[EventRounds "9"]
[EventCountry "GER"]
[SourceTitle "EXT 2015"]
[Source "ChessBase"]
[SourceDate "2014.11.20"]
[SourceVersion "1"]
[SourceVersionDate "2014.11.20"]
[SourceQuality "1"]
[WhiteTeam "Emsdetten Turm II"]
[BlackTeam "Muenster"]
[WhiteTeamCountry "GER"]
[BlackTeamCountry "GER"]

1. d4 g6 2. Nf3 Nf6 3. c4 Bg7 4. g3 0-0 5. Bg2 d6 6. 0-0 c6 7. Nc3 Qa5 8. Nd2 e5 9. d5 cxd5 10. cxd5 Na6 11. Nc4 Qc7 12. b3 Bd7 13. a4 Nc5 14. Bd2 Rfc8 15. Na3 a5 16. Rc1 b6 17. Ncb5 Bxb5 18. Nxb5 Qe7 19. Rc4 Nfd7 20. e4 Rf8 21. f4 f5 22. exf5 gxf5 23. fxe5 Nxe5 24. Rcf4 Ne4 25. Rxf5 Rxf5 26. Rxf5 Nxd2 27. Qxd2 Rf8 28. Nd4 Ng6 29. Rxf8+ Qxf8 30. Be4 Qf6 31. Nf5 Qa1+ 32. Kg2 Be5 33. h4 Kf7 34. Qf2 Ke8 35. Qxb6 Qb2+ 36. Kh3 Qe2 37. Qe3 Qd1 38. Nxd6+ Kd7 39. Nc4 Qf1+ 40. Kg4 Qd1+ 41. Kg5 Bd4 42. Bf5+ Kd8 43. Qe6 Nf8 44. Qf7 Bc5 45. d6 h6+ 46. Kxh6 Qc1+ 47. Kg7 Bd4+ 48. Kg8 1-0

[Event "Maastricht Limburg op-A 7th"]
[Site "Maastricht"]
[Date "2013.05.18"]
[Round "3"]
[White "Molinaroli, Martin"]
[Black "Van Foreest, Lucas"]
[Result "0-1"]
[WhiteElo "2309"]
[BlackElo "2040"]
[PlyCount "140"]
[EventDate "2013.05.17"]
[EventType "swiss"]
[EventRounds "7"]
[EventCountry "NED"]
[SourceTitle "EXT 2014"]
[Source "ChessBase"]
[SourceDate "2013.11.20"]
[SourceVersion "1"]
[SourceVersionDate "2013.11.20"]
[SourceQuality "1"]

1. b3 Nf6 2. Bb2 g6 3. Bxf6 exf6 4. c4 Bg7 5. Nc3 0-0 6. g3 c6 7. Bg2 d6 8. e3 Be6 9. Nge2 Na6 10. 0-0 Nc7 11. Nf4 Bh6 12. d4 Bxf4 13. exf4 d5 14. c5 Qd7 15. Re1 Rfe8 16. Qd2 Bh3 17. b4 Bxg2 18. Kxg2 Rxe1 19. Rxe1 b5 20. cxb6 axb6 21. a4 Qd6 22. Rb1 f5 23. Qc2 c5 24. bxc5 bxc5 25. dxc5 Qxc5 26. Qb3 d4 27. Nb5 Qd5+ 28. Qf3 Qxf3+ 29. Kxf3 Ne6 30. Ra1 Ra5 31. Ke2 Nc5 32. Nxd4 Rxa4 33. Rxa4 Nxa4 34. Nc6 Nc3+ 35. Ke3 Kg7 36. Ne5 h5 37. h4 Nd1+ 38. Ke2 Nc3+ 39. Kd2 Ne4+ 40. Ke3 Nc3 41. Nd7 Nd1+ 42. Ke2 Nc3+ 43. Kd2 Ne4+ 44. Ke3 Kg8 45. Ne5 Kg7 46. Nd7 Kg8 47. f3 Nd6 48. Kd4 Kg7 49. Ne5 Nb5+ 50. Kc4 Nc7 51. Nd7 Ne6 52. Kd5 Nc7+ 53. Kd6 Nb5+ 54. Ke7 Nc3 55. Ne5 Nd5+ 56. Ke8 Nf6+ 57. Ke7 Nd5+ 58. Kd6 Ne3 59. Kc5 Nf1 60. Kd4 f6 61. Nc4 Kh6 62. Nd6 Nxg3 63. Ne8 g5 64. Ke3 gxh4 65. Kf2 Kg6 66. Nd6 Kg7 67. Nc4 Kf7 68. Ne3 Ke6 69. Ng2 h3 70. Nh4 h2 0-1